Terror & violence: (Record no. 11667)
[ view plain ]
| 000 -LEADER | |
|---|---|
| fixed length control field | 03685 a2200481 4500 |
| 005 - DATE AND TIME OF LATEST TRANSACTION | |
| control field | 20090520134820.0 |
| 010 ## - LCCN (DPL NO) | |
| LC control number | ENG-89936 B-309422-426 B-453818-822 |
| 020 ## - INTERNATIONAL STANDARD BOOK NUMBER | |
| International Standard Book Number | 8125032436 |
| Terms of availability | 320.00 |
| 020 ## - INTERNATIONAL STANDARD BOOK NUMBER | |
| International Standard Book Number | 9788125032434 |
| Terms of availability | 320.00 |
| 035 ## - SYSTEM CONTROL NUMBER | |
| System control number | EN-73469 |
| 035 ## - SYSTEM CONTROL NUMBER | |
| System control number | B-309422-426 |
| 035 ## - SYSTEM CONTROL NUMBER | |
| System control number | B-359120 |
| 035 ## - SYSTEM CONTROL NUMBER | |
| System control number | B-453818-822 |
| 037 ## - SOURCE OF ACQUISITION | |
| Source of stock number/acquisition | DBAD / PUB |
| 037 ## - SOURCE OF ACQUISITION | |
| Source of stock number/acquisition | Aakar Books |
| 037 ## - SOURCE OF ACQUISITION | |
| Source of stock number/acquisition | Pansy Books |
| 037 ## - SOURCE OF ACQUISITION | |
| Source of stock number/acquisition | RBC/Ven |
| 082 ## - DEWEY DECIMAL CLASSIFICATION NUMBER | |
| Classification number | 303.625 |
| 245 ## - TITLE STATEMENT | |
| Title | Terror & violence: |
| Statement of responsibility, etc | edited by Andrew Strathern, Pamela J. Stewart [and] Neil L. Whitehead |
| Remainder of title | imagination and the unimaginable / |
| 260 ## - PUBLICATION, DISTRIBUTION, ETC. (IMPRINT) | |
| Place of publication, distribution, etc | Hyderabad |
| Name of publisher, distributor, etc | Orient Longman |
| Date of publication, distribution, etc | 2007 |
| 270 ## - ADDRESS | |
| Address | 3-6-752, Himayatnagar |
| City | Hyderabad |
| Postal code | 500029 |
| Electronic mail address | hydgeneral@orientlongman.com |
| 300 ## - PHYSICAL DESCRIPTION | |
| Extent | viii, 250p. |
| Dimensions | 22cm(pbk) |
| 500 ## - GENERAL NOTE | |
| General note | Includes index |
| 700 ## - ADDED ENTRY--PERSONAL NAME | |
| Personal name | Strathern, Andrew |
| 9 (RLIN) | 42872 |
| 700 ## - ADDED ENTRY--PERSONAL NAME | |
| Personal name | Stewart, Pamela J. |
| 9 (RLIN) | 42873 |
| 700 ## - ADDED ENTRY--PERSONAL NAME | |
| Personal name | Whitehead, Neil L. |
| 9 (RLIN) | 42874 |
| 942 ## - ADDED ENTRY ELEMENTS (KOHA) | |
| Institution code [OBSOLETE] | dpl |
| Item type | English Books |
| Source of classification or shelving scheme | Dewey Decimal Classification |
| Classification part | 303.625 |
| Call number suffix | TER |
| Withdrawn status | Lost status | Not for loan | Home library | Current library | Date acquired | Cost, normal purchase price | Barcode | Cost, replacement price | Koha item type | Collection code | Source of acquisition | Full call number | Copy number |
|---|---|---|---|---|---|---|---|---|---|---|---|---|---|
| Bawana | Bawana | 23/02/2012 | 320.00 | B-453821 | 320.00 | English Books | Non-fiction | RBC Pub/26777/20.10.2011/07/15.09.11/30.11.11 | 303.625 TER | 1 | |||
| Central Library | Central Library | 20/05/2009 | 320.00 | B-309422 | 320.00 | English Books | Non-fiction | Aakar Books/I-881/26.12.08/246/12.12.08/29.12.08 | 303.625 TER | 1 | |||
| Central Library | Central Library | 23/02/2012 | 320.00 | B-453818 | 320.00 | English Books | Non-fiction | RBC Pub/26777/20.10.2011/07/15.09.11/30.11.11 | 303.625 TER | 1 | |||
| Andrews Gunj | D.B.Act.Division | 01/10/2008 | 320.00 | EN-73469 | 320.00 | English Books | |||||||
| Janak Puri | Janak Puri | 01/10/2009 | 320.00 | B-359120 | 320.00 | English Books | Non-fiction | Pansy Books/942/29.9.09/92/4.9.09/29.9.09 | 303.625 TER | 1 | |||
| Karol Bagh | Karol Bagh | 20/05/2009 | 320.00 | B-309425 | 320.00 | English Books | Non-fiction | Aakar Books/I-881/26.12.08/246/12.12.08/29.12.08 | 303.625 TER | 1 | |||
| Withdrawn | Patel Nagar | Patel Nagar | 20/05/2009 | 320.00 | B-309423 | 320.00 | English Books | Non-fiction | Aakar Books/I-881/26.12.08/246/12.12.08/29.12.08 | 303.625 TER | 1 | ||
| Patel Nagar | Patel Nagar | 23/02/2012 | 320.00 | B-453819 | 320.00 | English Books | Non-fiction | RBC Pub/26777/20.10.2011/07/15.09.11/30.11.11 | 303.625 TER | 1 | |||
| Sarojini Nagar | Sarojini Nagar | 20/05/2009 | 320.00 | B-309424 | 320.00 | English Books | Non-fiction | Aakar Books/I-881/26.12.08/246/12.12.08/29.12.08 | 303.625 TER | 1 | |||
| Sarojini Nagar | Sarojini Nagar | 23/02/2012 | 320.00 | B-453820 | 320.00 | English Books | Non-fiction | RBC Pub/26777/20.10.2011/07/15.09.11/30.11.11 | 303.625 TER | 1 | |||
| Shahdara Branch | Shahdara Branch | 20/05/2009 | 320.00 | B-309426 | 320.00 | English Books | Non-fiction | Aakar Books/I-881/26.12.08/246/12.12.08/29.12.08 | 303.625 TER | 1 | |||
| Shahdara Branch | Shahdara Branch | 23/02/2012 | 320.00 | B-453822 | 320.00 | English Books | Non-fiction | RBC Pub/26777/20.10.2011/07/15.09.11/30.11.11 | 303.625 TER | 1 |
